| 000 | 00689cab a2200241 4500 | ||
|---|---|---|---|
| 001 | ABS54852 | ||
| 008 | 090401t1996 xxu||||| |||| 00| 0 eng d | ||
| 035 | _a(Sirsi) u12541 | ||
| 041 | _aeng | ||
| 100 | _aThompson, J.C. | ||
| 245 | _aHolding back the years | ||
| 260 | _c1996 | ||
| 350 | _a0 | ||
| 490 |
_aBuilding _v261(7936) 12 April 1996, 40-42(3) |
||
| 520 | _aGives facts about age discrimination in the construction industry and ways in which companies and individuals can avoid it. | ||
| 650 | _aAGE DISCRIMINATION | ||
| 650 | _aAGEISM | ||
| 650 | _aDISCRIMINATION | ||
| 650 | _aEMPLOYMENT ISSUES | ||
| 690 | _aBUILT ENVIRONMENT | ||
| 942 | _n0 | ||
| 948 | _c04/03/1997 | ||
| 999 |
_c8015 _d8015 |
||